India's military modernization : (Record no. 95095)
[ view plain ]
| 000 -LEADER | |
|---|---|
| fixed length control field | 01385nam a22002657a 4500 |
| 005 - DATE AND TIME OF LATEST TRANSACTION | |
| control field | 20150817165403.0 |
| 010 ## - LCCN (DPL NO) | |
| LC control number | ENG-113602 |
| 020 ## - INTERNATIONAL STANDARD BOOK NUMBER | |
| Terms of availability | 950.00 |
| International Standard Book Number | 0198092385 |
| 020 ## - INTERNATIONAL STANDARD BOOK NUMBER | |
| Terms of availability | 950.00 |
| International Standard Book Number | 9780198092384 |
| 035 ## - SYSTEM CONTROL NUMBER | |
| System control number | EN-97134 |
| 037 ## - SOURCE OF ACQUISITION | |
| Source of stock number/acquisition | DBAD/PUB |
| 082 ## - DEWEY DECIMAL CLASSIFICATION NUMBER | |
| Classification number | 355.68670954 |
| 245 ## - TITLE STATEMENT | |
| Title | India's military modernization : |
| Statement of responsibility, etc | edited by Rajesh Basrur, Ajaya Kumar Das [and] Manjeet S. Pardesi |
| Remainder of title | challenges and prospects / |
| 260 ## - PUBLICATION, DISTRIBUTION, ETC. (IMPRINT) | |
| Place of publication, distribution, etc | New Delhi |
| Name of publisher, distributor, etc | Oxford University Press |
| Date of publication, distribution, etc | 2014 |
| 270 ## - ADDRESS | |
| Address | YMCA Library Building, 1 Jai Singh Road, |
| City | New Delhi |
| Postal code | 110001 |
| 300 ## - PHYSICAL DESCRIPTION | |
| Extent | xvi,311p. |
| Dimensions | 23cm(Hb) |
| 490 ## - SERIES STATEMENT | |
| Series statement | The Oxford international relations in South Asia series |
| 500 ## - GENERAL NOTE | |
| General note | Includes bibliographical references and index. |
| 500 ## - GENERAL NOTE | |
| General note | Contributed articles. |
| 520 ## - SUMMARY, ETC. | |
| Summary, etc | India has emerged as a major power in world politics since the end of the Cold War. This book provides an in-depth analysis of India’s response to changing strategic demands with the evolving political framework, the nature of military modernisation, its links to strategy, and the effectiveness of these changes. It discusses whether the needs of the armed forces and the overall strategic approach of policymakers correspond with its modernisation. |
| 700 ## - ADDED ENTRY--PERSONAL NAME | |
| Personal name | Basrur, Rajesh |
| 700 ## - ADDED ENTRY--PERSONAL NAME | |
| Personal name | Das, Ajaya Kumar |
| 700 ## - ADDED ENTRY--PERSONAL NAME | |
| Personal name | Pardesi, Manjeet S. |
| 942 ## - ADDED ENTRY ELEMENTS (KOHA) | |
| Source of classification or shelving scheme | Dewey Decimal Classification |
| Item type | English Books |
| Call number suffix | IND |
| Classification part | 355.68670954 |
| Withdrawn status | Lost status | Not for loan | Collection code | Home library | Current library | Date acquired | Source of acquisition | Cost, normal purchase price | Full call number | Barcode | Copy number | Cost, replacement price | Koha item type |
|---|---|---|---|---|---|---|---|---|---|---|---|---|---|
| Not For Loan | Non-fiction | D.B.Act.Division | D.B.Act.Division | 20/07/2015 | DBAD/Pub. | 950.00 | 355.68670954 IND | EN-97134 | 1 | 950.00 | English Books |
